| 000 | 00524nam a2200169 a 4500 | ||
|---|---|---|---|
| 001 | 000041369 | ||
| 005 | 20201002034829.0 | ||
| 008 | 131001s1962 xxu 001 0 spa d | ||
| 040 |
_aDO-SdBNP _beng _cBNPHU |
||
| 082 |
_axxx _bxxx |
||
| 100 | 1 |
_aGrazia, Alfred de _968020 |
|
| 245 | 1 | 0 |
_aPolitics and government. : _bthe elements of politicalscience / _cAlfred de Grazia. |
| 260 |
_aNew York : _bCollier Books, _c1962. |
||
| 300 |
_a388 p. ; _c18 cm. |
||
| 504 | _aBibliography p: 369-373 | ||
| 505 | 2 |
_tPolitical Behavior _gv. 1 |
|
| 999 |
_c40859 _d40859 |
||